[Event "Xtracon Chess Open 2016"]
[Site "Elsinore"]
[Date "2016.07.26"]
[Round "5.135"]
[White "Nielsen, Palle"]
[Black "McAndrew, Robert"]
[Result "1/2-1/2"]
[WhiteElo "1778"]
[BlackElo "1939"]
[PlyCount "72"]
[EventDate "2016.07.23"]

1. d4 Nf6 2. c4 d6 3. Nc3 g6 4. Nf3 Bg7 5. e4 Bg4 6. Be2 Nbd7 7. O-O O-O 8. Bg5
h6 9. Be3 Kh7 10. Ng5+ hxg5 11. Bxg4 Bh6 12. Be2 e6 13. g4 Ng8 14. Bd3 f6 15.
Kg2 Ne7 16. Qd2 Bg7 17. Rh1 Rh8 18. h4 gxh4 19. Rxh4+ Kg8 20. Rxh8+ Bxh8 21.
Rh1 a6 22. Ne2 e5 23. c5 Bg7 24. Bc4+ Kf8 25. Bh6 g5 26. cxd6 cxd6 27. Ng3 Bxh6
28. Rxh6 Kg7 29. Rh2 Qb6 30. d5 Qd4 31. Qxd4 exd4 32. Bb3 Rc8 33. Rh1 Ne5 34.
f3 Nd3 35. Ne2 Nxb2 36. Nxd4 Nd3 1/2-1/2

[Event "Xtracon Chess Open 2016"]
[Site "Elsinore"]
[Date "2016.07.26"]
[Round "5.136"]
[White "Norevall, Ulf"]
[Black "Stam, Bart"]
[Result "1-0"]
[WhiteElo "1749"]
[BlackElo "1929"]
[PlyCount "139"]
[EventDate "2016.07.23"]

1. d4 Nf6 2. c4 e6 3. Nc3 Bb4 4. Qc2 c5 5. dxc5 Na6 6. a3 Bxc3+ 7. Qxc3 Nxc5 8.
Nf3 O-O 9. e3 Nfe4 10. Qc2 a5 11. b3 d5 12. Be2 a4 13. b4 Nb3 14. Rb1 Nxc1 15.
Rxc1 b6 16. cxd5 exd5 17. O-O Bd7 18. Qd3 Nf6 19. h3 Rc8 20. Qd4 Rxc1 21. Rxc1
Qb8 22. Bd3 Re8 23. b5 Qa7 24. Ne5 Qa5 25. Nxd7 Nxd7 26. Qxd5 Nc5 27. Bc4 Rf8
28. e4 h6 29. e5 Ne6 30. Qe4 Qd2 31. Qe1 Qb2 32. Ra1 Nc5 33. Ra2 Qd4 34. Bf1
Re8 35. Rd2 Qc3 36. Qe3 Qa1 37. Re2 Re6 38. Re1 Qb2 39. Re2 Qxb5 40. Rd2 Qb1
41. f4 Kh7 42. Qd4 g6 43. Rd1 Qe4 44. Bb5 Qc2 45. Rd2 Qc1+ 46. Rd1 Qxa3 47. Ra1
Qg3 48. Bxa4 Nd3 49. Rf1 Nc5 50. Bb5 Kg7 51. Rf3 Qe1+ 52. Kh2 Qa5 53. Qb2 Re7
54. Ra3 Qe1 55. Ra8 Qe3 56. Qb4 Rc7 57. Ra3 Qc1 58. Rf3 Ne6 59. f5 gxf5 60.
Rxf5 Qd1 61. Qh4 Ng5 62. Rf6 Kg8 63. Qxh6 Qd2 64. Qh5 Rc2 65. Qg4 Kf8 66. Rxb6
Ne6 67. Rb8+ Ke7 68. Qh4+ Ng5 69. Qb4+ Qxb4 70. Re8# 1-0

[Event "Xtracon Chess Open 2016"]
[Site "Elsinore"]
[Date "2016.07.26"]
[Round "5.137"]
[White "Andersen, Johnny"]
[Black "Meyer, Juergen"]
[Result "1/2-1/2"]
[WhiteElo "1740"]
[BlackElo "1925"]
[PlyCount "119"]
[EventDate "2016.07.23"]

1. e4 e6 2. d4 d5 3. e5 c5 4. c3 Qb6 5. a3 Bd7 6. Nf3 Bb5 7. b4 cxb4 8. cxb4
Bxf1 9. Kxf1 Nd7 10. Be3 Rc8 11. Nbd2 Qb5+ 12. Qe2 Qa4 13. Qd1 Qxd1+ 14. Rxd1
Nb6 15. g3 Ne7 16. Kg2 Nc6 17. Nb3 Nc4 18. Bc1 b6 19. b5 N6a5 20. Nxa5 Nxa5 21.
a4 h6 22. Bd2 Nc4 23. Rc1 Be7 24. a5 Kd7 25. axb6 axb6 26. Ra1 Ra8 27. Ra6 Rxa6
28. bxa6 Ra8 29. Ra1 Kc6 30. Bc3 b5 31. Nd2 b4 32. Nxc4 dxc4 33. Bd2 c3 34. Rc1
Rxa6 35. Bxc3 bxc3 36. Rxc3+ Kd7 37. f4 Rc6 38. Rd3 Rc2+ 39. Kh3 Bb4 40. d5
exd5 41. Rxd5+ Ke8 42. Rb5 Be7 43. Rb8+ Bd8 44. Rb7 Rc7 45. Rb2 g6 46. Kg4 h5+
47. Kf3 Rc4 48. Kg2 Kd7 49. Kh3 Ke6 50. Rb8 Rd4 51. Rb7 Rd7 52. Rxd7 Kxd7 53.
g4 hxg4+ 54. Kxg4 Ke6 55. h4 Be7 56. h5 gxh5+ 57. Kxh5 Kf5 58. Kh6 Bh4 59. Kg7
Ke6 60. Kf8 1/2-1/2

[Event "Xtracon Chess Open 2016"]
[Site "Elsinore"]
[Date "2016.07.26"]
[Round "5.138"]
[White "Jarve, Edvin"]
[Black "Johansen, Johnny Holler"]
[Result "1-0"]
[WhiteElo "1716"]
[BlackElo "1919"]
[PlyCount "113"]
[EventDate "2016.07.23"]

1. d4 Nf6 2. c4 g6 3. Nc3 d5 4. Nf3 Bg7 5. Bg5 c6 6. cxd5 cxd5 7. Qb3 e6 8. e3
O-O 9. Bd3 Nc6 10. O-O Qb6 11. Qxb6 axb6 12. Rfc1 Nd7 13. Bb5 Ra5 14. a3 f6 15.
Bh4 Na7 16. Be2 Nc6 17. b4 Ra8 18. Nb5 Kf7 19. Bg3 Rg8 20. Nc7 Ra7 21. Nb5 Ra8
22. Bd1 Bf8 23. Nd6+ Bxd6 24. Bxd6 e5 25. b5 Na5 26. dxe5 fxe5 27. Nxe5+ Nxe5
28. Bxe5 Nc4 29. Bd4 Be6 30. Be2 Rgc8 31. Rc3 Ra5 32. a4 Rca8 33. Bxc4 dxc4 34.
Rca3 Rc8 35. Bxb6 Raa8 36. Bd4 Bd7 37. Kf1 Ke6 38. Ke2 Kd5 39. Kd2 Bf5 40. a5
Bd7 41. a6 bxa6 42. bxa6 Rcb8 43. a7 Rb5 44. Ra5 Kd6 45. Rxb5 Bxb5 46. Kc3 Bc6
47. f3 Rc8 48. Rb1 Ba8 49. Rb8 Kd7 50. Rxc8 Kxc8 51. Kxc4 Kd7 52. Kc5 Kc7 53.
Be5+ Kb7 54. Bb8 Kc8 55. Kd6 Kd8 56. e4 Bb7 57. e5 1-0

[Event "Xtracon Chess Open 2016"]
[Site "Elsinore"]
[Date "2016.07.26"]
[Round "5.139"]
[White "Klitgaard, Ebbe"]
[Black "Petersen, Jan"]
[Result "1-0"]
[WhiteElo "1914"]
[BlackElo "1694"]
[PlyCount "83"]
[EventDate "2016.07.23"]

1. d4 d5 2. c4 Nc6 3. Nf3 Bg4 4. e3 Nf6 5. h3 Bh5 6. Be2 e6 7. O-O Be7 8. Nc3
O-O 9. a3 a6 10. b4 dxc4 11. Bxc4 b5 12. Be2 Nd5 13. Bb2 Bg6 14. Rc1 Qd6 15.
Bd3 Bxd3 16. Qxd3 Bf6 17. Ne4 Qd7 18. Qc2 Nce7 19. Nxf6+ gxf6 20. e4 Nb6 21.
Qxc7 Qxc7 22. Rxc7 Ng6 23. Nd2 Na4 24. Ba1 Nf4 25. Kh2 Nd3 26. Nb3 Rfc8 27.
Rxc8+ Rxc8 28. Nc5 Naxc5 29. dxc5 Ne5 30. Bxe5 fxe5 31. Rd1 Rc6 32. Rd8+ Kg7
33. Rb8 f5 34. Rb6 Rc8 35. Rxe6 f4 36. Rxe5 Rd8 37. Rd5 Re8 38. f3 Ra8 39. Rf5
a5 40. Rxf4 a4 41. Rf5 Rd8 42. Rd5 1-0

[Event "Xtracon Chess Open 2016"]
[Site "Elsinore"]
[Date "2016.07.26"]
[Round "5.140"]
[White "French, Max"]
[Black "Skjolas, Erling Dyrhaug"]
[Result "0-1"]
[WhiteElo "1908"]
[BlackElo "1709"]
[PlyCount "93"]
[EventDate "2016.07.23"]

1. d4 Nf6 2. c4 g6 3. Nc3 Bg7 4. e4 d6 5. Nf3 O-O 6. h3 e5 7. d5 Na6 8. Be3 Nc5
9. Nd2 Nh5 10. b4 Na6 11. a3 Qe8 12. c5 f5 13. Bxa6 f4 14. Bb5 Qf7 15. Nf1 fxe3
16. f3 Qf6 17. Qc2 Qh4+ 18. Kd1 Bh6 19. Ne2 a6 20. Bc4 b6 21. a4 bxc5 22. bxc5
a5 23. Ra2 Ba6 24. Bxa6 Rxa6 25. Nc1 Ng3 26. Nxg3 Qxg3 27. Qe2 Raa8 28. Nd3
Rab8 29. Kc2 Rb7 30. c6 Rb6 31. Rf1 Rfb8 32. Nb2 Rb4 33. Nc4 Ra8 34. Kc3 Rbb8
35. Nxe3 Qf4 36. Nc4 Qf8 37. Na3 Rb4 38. Nb5 Qb8 39. Qf2 Ra6 40. Raa1 Rxa4 41.
Rxa4 Qxb5 42. Rc4 Rb6 43. Qa2 a4 44. Kc2 Qa5 45. Rd1 a3 46. Rc3 Qa4+ 47. Rb3
0-1

[Event "Xtracon Chess Open 2016"]
[Site "Elsinore"]
[Date "2016.07.26"]
[Round "5.141"]
[White "Brokso, Kim"]
[Black "Nielsen, Thomas"]
[Result "1/2-1/2"]
[WhiteElo "1713"]
[BlackElo "1906"]
[PlyCount "146"]
[EventDate "2016.07.23"]

1. e4 c6 2. d4 d5 3. e5 Bf5 4. Bd3 Bxd3 5. Qxd3 e6 6. c3 Ne7 7. b4 a5 8. b5
cxb5 9. Qxb5+ Qd7 10. Qxd7+ Nxd7 11. Nd2 Rc8 12. Ne2 Nc6 13. Rb1 Rc7 14. a4 Be7
15. O-O O-O 16. Rb3 Rb8 17. Ba3 Bxa3 18. Rxa3 b5 19. axb5 Rxb5 20. Rfa1 Rb2 21.
R3a2 Rcb7 22. f4 f6 23. c4 R7b4 24. Kf1 Rxa2 25. Rxa2 dxc4 26. Rc2 Nb6 27. Kf2
f5 28. g3 Kf7 29. Nf3 h6 30. Nc3 Na4 31. d5 Nxc3 32. dxc6 Nd5 33. Ke2 c3 34.
Kd3 Rb8 35. Kd4 Ke7 36. Kc5 Rb2 37. Nd4 a4 38. Rc1 a3 39. c7 Nxc7 40. Rxc3 Na6+
41. Kc4 Rb4+ 42. Kd3 Ra4 43. Rc4 Rxc4 44. Kxc4 a2 45. Nc2 g5 46. fxg5 hxg5 47.
Kb3 Nc5+ 48. Kxa2 Nd3 49. Ne3 Nxe5 50. Kb3 g4 51. Kc3 Nf3 52. Nf1 Kd6 53. Kd3
e5 54. Ke3 Ng5 55. Nd2 Kd5 56. Nf1 Kc4 57. Ke2 Kd4 58. Nd2 Ne4 59. Nb3+ Kc3 60.
Nc1 Nc5 61. Ke3 Kc2 62. Ne2 Nd3 63. Ng1 Nc1 64. h4 gxh3 65. Nxh3 Nd3 66. Ng5
Kc3 67. Nf7 f4+ 68. gxf4 exf4+ 69. Kf3 Kd4 70. Ng5 Ke5 71. Nh3 Ne1+ 72. Ke2 Ng2
73. Nxf4 Nxf4+ 1/2-1/2

[Event "Xtracon Chess Open 2016"]
[Site "Elsinore"]
[Date "2016.07.26"]
[Round "5.142"]
[White "Fossan, Benjamin"]
[Black "Birkestrand, Odd H"]
[Result "1-0"]
[WhiteElo "1873"]
[BlackElo "1676"]
[PlyCount "39"]
[EventDate "2016.07.23"]

1. e4 g6 2. d4 Bg7 3. Nc3 d6 4. Be3 Nf6 5. f3 a6 6. Qd2 O-O 7. O-O-O b5 8. Bh6
Bb7 9. h4 Nbd7 10. h5 c5 11. hxg6 fxg6 12. Bxg7 Kxg7 13. Qh6+ Kg8 14. e5 Qe8
15. exf6 Nxf6 16. dxc5 dxc5 17. Bd3 Qf7 18. Nh3 Qg7 19. Qxg7+ Kxg7 20. Ng5 1-0

[Event "Xtracon Chess Open 2016"]
[Site "Elsinore"]
[Date "2016.07.26"]
[Round "5.143"]
[White "Dittrich, Tom"]
[Black "Grotle, Ramona"]
[Result "1/2-1/2"]
[WhiteElo "1864"]
[BlackElo "1632"]
[PlyCount "65"]
[EventDate "2016.07.23"]

1. e4 c6 2. d4 d5 3. Nc3 dxe4 4. Nxe4 Bf5 5. Ng3 Bg6 6. h4 h6 7. Nf3 Nd7 8. h5
Bh7 9. Bd3 Bxd3 10. Qxd3 Ngf6 11. Bd2 e6 12. O-O-O Qc7 13. Ne4 Nxe4 14. Qxe4
Nf6 15. Qe2 O-O-O 16. g3 Bd6 17. c4 c5 18. Bc3 Rhe8 19. Ne5 cxd4 20. Bxd4 Bxe5
21. Bxe5 Qc6 22. Kb1 Rxd1+ 23. Rxd1 Rd8 24. Rxd8+ Kxd8 25. Bxf6+ gxf6 26. Qd2+
Qd7 27. Qxh6 Qd1+ 28. Qc1 Qxh5 29. Qd2+ Kc8 30. Qd4 Qf5+ 31. Kc1 b6 32. a3 Kc7
33. Kd2 1/2-1/2

[Event "Xtracon Chess Open 2016"]
[Site "Elsinore"]
[Date "2016.07.26"]
[Round "5.144"]
[White "Kristensen, Lars Ostergaard"]
[Black "Sajjadi, Kimiya"]
[Result "0-1"]
[WhiteElo "1710"]
[BlackElo "1860"]
[PlyCount "70"]
[EventDate "2016.07.23"]

1. d4 d5 2. c4 e6 3. Nc3 Nf6 4. cxd5 exd5 5. Bg5 Nbd7 6. e3 Be7 7. Bd3 c6 8.
Qc2 Nh5 9. Bxe7 Qxe7 10. Nge2 g6 11. O-O Ng7 12. Rac1 Nb6 13. Ng3 h5 14. h3 h4
15. Nge2 g5 16. e4 g4 17. Nf4 gxh3 18. Nxh3 Bxh3 19. gxh3 Ne6 20. exd5 Nxd5 21.
Nxd5 Qg5+ 22. Kh2 Qxd5 23. Be4 Qd6+ 24. Kh1 Nf4 25. Bf5 Kd8 26. Qc4 Nd5 27.
Rce1 Kc7 28. Rg1 Rhg8 29. Rg4 Rxg4 30. Bxg4 Qf4 31. Qe2 Qxd4 32. Rd1 Qf6 33.
Bf3 Qe6 34. Re1 Qxh3+ 35. Kg1 Rg8+ 0-1

[Event "Xtracon Chess Open 2016"]
[Site "Elsinore"]
[Date "2016.07.26"]
[Round "5.145"]
[White "Overgaard, Jorgen"]
[Black "Vestjord, Harald Christian"]
[Result "1/2-1/2"]
[WhiteElo "1854"]
[BlackElo "1608"]
[PlyCount "126"]
[EventDate "2016.07.23"]

1. e4 e5 2. Nf3 Nc6 3. d4 exd4 4. Nxd4 Nf6 5. Nxc6 bxc6 6. e5 Qe7 7. Qe2 Nd5 8.
c4 Ba6 9. b3 g6 10. Bb2 Bg7 11. Nd2 O-O 12. Nf3 Nf4 13. Qc2 c5 14. g3 Ne6 15.
O-O-O Bb7 16. Bg2 Ng5 17. Ne1 Bxg2 18. Nxg2 Bxe5 19. Rhe1 Bxb2+ 20. Qxb2 Qd8
21. Nf4 Ne6 22. Nd3 d6 23. f4 a5 24. Rxe6 fxe6 25. Nxc5 Qf6 26. Nd3 Qxb2+ 27.
Kxb2 Rfe8 28. Re1 Kf7 29. c5 Rab8 30. a3 Ra8 31. g4 Kf6 32. Nf2 Red8 33. Ne4+
Kg7 34. Ng5 Re8 35. cxd6 cxd6 36. Ne4 d5 37. Nd6 Red8 38. Nb5 Rf8 39. Nd4 Rae8
40. Nf3 Rf7 41. Nd4 Rxf4 42. Nxe6+ Kf6 43. g5+ Kf7 44. Nxf4 Rxe1 45. Nxd5 Ke6
46. Nf4+ Kf5 47. Nd3 Re8 48. b4 axb4 49. axb4 Kxg5 50. b5 Kf5 51. Kc3 Ke6 52.
Kc4 Kd7 53. b6 Kc8 54. Kb5 Re6 55. Nc5 Rf6 56. b7+ Kc7 57. b8=Q+ Kxb8 58. Nd7+
Kc7 59. Nxf6 Kd6 60. Nxh7 Ke5 61. Kc5 Kf4 62. Kd5 Kg4 63. Ke5 Kh3 1/2-1/2

[Event "Xtracon Chess Open 2016"]
[Site "Elsinore"]
[Date "2016.07.26"]
[Round "5.146"]
[White "Haugaard, Thomas"]
[Black "Hansen, Tommy"]
[Result "1-0"]
[WhiteElo "1672"]
[BlackElo "1835"]
[PlyCount "93"]
[EventDate "2016.07.23"]

1. d4 Nf6 2. c4 c5 3. d5 b5 4. cxb5 a6 5. b6 e6 6. Nc3 Nxd5 7. Nxd5 exd5 8.
Qxd5 Nc6 9. e4 Be7 10. Bc4 O-O 11. Nf3 Qxb6 12. O-O d6 13. Qd3 Bg4 14. Bf4 Bxf3
15. Qxf3 Qxb2 16. Rab1 Qf6 17. Rb6 Nd4 18. Qg3 Rfb8 19. e5 Qf5 20. Rxb8+ Rxb8
21. exd6 Bf6 22. Qe3 Ne6 23. Bg3 Bd4 24. Bd3 Qd5 25. Qe4 Qxe4 26. Bxe4 f6 27.
Bd5 Kf7 28. Re1 Be5 29. f4 Bxd6 30. f5 Bxg3 31. hxg3 Rb6 32. Rxe6 Rxe6 33.
Bxe6+ Ke7 34. Kf2 g6 35. Ke3 g5 36. g4 Kd6 37. Kd3 Ke5 38. g3 a5 39. Kc4 Ke4
40. Bf7 Kf3 41. Bh5 Kxg3 42. Kxc5 Kf4 43. Kb5 a4 44. Kxa4 Ke5 45. Kb5 Kd6 46.
Kb6 Kd7 47. Kb7 1-0

[Event "Xtracon Chess Open 2016"]
[Site "Elsinore"]
[Date "2016.07.26"]
[Round "5.147"]
[White "Rasmussen, Henrik"]
[Black "Maselli, David"]
[Result "1/2-1/2"]
[WhiteElo "1833"]
[BlackElo "1567"]
[PlyCount "40"]
[EventDate "2016.07.23"]

1. Nf3 g6 2. d4 Bg7 3. e4 d6 4. Bc4 Nf6 5. Qe2 O-O 6. O-O Bg4 7. Rd1 Nc6 8. e5
dxe5 9. dxe5 Bxf3 10. gxf3 Qc8 11. exf6 Bxf6 12. Qe4 Qh3 13. Qg4 Qxg4+ 14. fxg4
Rad8 15. Rxd8 Rxd8 16. Be2 Nd4 17. Bd3 Nf3+ 18. Kg2 Ne1+ 19. Kf1 Nxd3 20. cxd3
Rxd3 1/2-1/2

[Event "Xtracon Chess Open 2016"]
[Site "Elsinore"]
[Date "2016.07.26"]
[Round "5.148"]
[White "Gjare, Vidar"]
[Black "Hansen, Henrik Damgaard"]
[Result "0-1"]
[WhiteElo "1646"]
[BlackElo "1831"]
[PlyCount "126"]
[EventDate "2016.07.23"]

1. e4 d5 2. exd5 Nf6 3. d4 Bg4 4. Bb5+ Nbd7 5. f3 Bf5 6. c4 a6 7. Ba4 b5 8.
cxb5 Nxd5 9. Ne2 e6 10. bxa6 Nb4 11. O-O Rxa6 12. a3 Nd5 13. b4 Bd6 14. Nbc3
O-O 15. Nxd5 exd5 16. Bf4 Nb6 17. Bb5 Ra7 18. Bxd6 Qxd6 19. Qc1 Bd7 20. Bd3
Rfa8 21. Qc3 Na4 22. Qc2 g6 23. f4 Nb6 24. Qb3 Ba4 25. Qb1 Nc4 26. Bxc4 dxc4
27. Rf3 Bc6 28. Rg3 Qe6 29. Qf1 Be4 30. Qf2 Bd3 31. Re3 Qd7 32. h4 Rxa3 33.
Rxa3 Rxa3 34. h5 Ra2 35. Re5 Bxe2 36. Rxe2 Rxe2 37. Qxe2 Qxd4+ 38. Qf2 Qd1+ 39.
Qf1 Qxf1+ 40. Kxf1 gxh5 41. Ke2 h4 42. Kd2 Kf8 43. Kc3 Ke7 44. Kxc4 Kd6 45. Kd4
f6 46. Ke4 Ke6 47. Kd4 c6 48. f5+ Kd6 49. Kc4 Kc7 50. Kc5 h6 51. Kc4 Kb6 52.
Kd4 Kb5 53. Kc3 h5 54. Kb3 c5 55. bxc5 Kxc5 56. Kc3 Kd5 57. Kd3 Ke5 58. Ke3
Kxf5 59. Kf3 Kg5 60. Kf2 Kf4 61. Kg1 Kg3 62. Kh1 h3 63. gxh3 Kxh3 0-1

[Event "Xtracon Chess Open 2016"]
[Site "Elsinore"]
[Date "2016.07.26"]
[Round "5.149"]
[White "Andersen, Dag"]
[Black "Bjarnason, Larus H"]
[Result "1-0"]
[WhiteElo "1830"]
[BlackElo "1586"]
[PlyCount "45"]
[EventDate "2016.07.23"]

1. Nf3 d5 2. c4 d4 3. b4 f6 4. e3 dxe3 5. fxe3 e5 6. c5 Be6 7. Nc3 a5 8. Qa4+
c6 9. Ne4 b5 10. cxb6 Bxb4 11. a3 Be7 12. Rb1 Nh6 13. Be2 O-O 14. O-O Bd5 15.
Nc3 Be6 16. Bc4 Bf7 17. d4 exd4 18. Nxd4 c5 19. Bxf7+ Rxf7 20. Ne6 Qd3 21. Qe8+
Bf8 22. b7 Re7 23. Qxf8# 1-0

[Event "Xtracon Chess Open 2016"]
[Site "Elsinore"]
[Date "2016.07.26"]
[Round "5.150"]
[White "Kyrkjebo, Eirik"]
[Black "Calderon, Paul"]
[Result "1-0"]
[WhiteElo "1590"]
[BlackElo "1828"]
[PlyCount "69"]
[EventDate "2016.07.23"]

1. e4 c5 2. Nf3 Nc6 3. Bb5 g6 4. Bxc6 bxc6 5. O-O Bg7 6. Re1 d5 7. d3 Ba6 8.
Nbd2 Qb6 9. e5 e6 10. c4 Qb4 11. a3 Qb6 12. Qa4 Ne7 13. b4 cxb4 14. Rb1 Bc8 15.
axb4 O-O 16. Nb3 Rb8 17. Nc5 Nf5 18. h3 dxc4 19. dxc4 Rd8 20. Bf4 Re8 21. g4
Nh6 22. Nd4 Bb7 23. Re4 Rbc8 24. Bxh6 Bxh6 25. Nd7 Qc7 26. Nf6+ Kh8 27. Nxe8
Rxe8 28. Qxa7 c5 29. Nb5 Qc6 30. Nd6 Re7 31. bxc5 Rd7 32. Rxb7 Rxd6 33. cxd6
Qxe4 34. Qa8+ Kg7 35. Rb8 1-0

[Event "Xtracon Chess Open 2016"]
[Site "Elsinore"]
[Date "2016.07.26"]
[Round "5.151"]
[White "Rogacewicz, Mikolaj"]
[Black "Rose, Dennis Lauge"]
[Result "1-0"]
[WhiteElo "1551"]
[BlackElo "1814"]
[PlyCount "135"]
[EventDate "2016.07.23"]

1. d4 f5 2. Nf3 e6 3. c4 Nf6 4. g3 d5 5. Bg2 c6 6. O-O Bd6 7. b3 O-O 8. Ba3 Ne4
9. Qc2 Qe7 10. Bxd6 Qxd6 11. Ne5 Nd7 12. f3 Nef6 13. Nxd7 Bxd7 14. Qd3 Be8 15.
Nc3 Bg6 16. e4 fxe4 17. fxe4 e5 18. Rad1 Rad8 19. cxd5 Nxd5 20. Rxf8+ Kxf8 21.
Nxd5 cxd5 22. dxe5 Qxe5 23. Qf3+ Kg8 24. exd5 Rf8 25. Qg4 Bh5 26. Qd4 Qe2 27.
Rf1 Rc8 28. d6 Bg4 29. d7 Rd8 30. Qd6 h6 31. Qd5+ Be6 32. Qxb7 Rxd7 33. Qa8+
Kh7 34. Qe4+ Qxe4 35. Bxe4+ Kg8 36. Bf5 Bxf5 37. Rxf5 Rd1+ 38. Kg2 Rd2+ 39. Rf2
Rd6 40. Kf1 g5 41. Ke2 Kg7 42. Ke3 Kg6 43. Ke4 Rd1 44. h3 Rh1 45. Kf3 Rxh3 46.
Kg2 Rh5 47. Rc2 a5 48. Rc5 g4 49. Rxh5 Kxh5 50. a3 Kg5 51. b4 axb4 52. axb4 Kf5
53. b5 Ke5 54. Kf2 Kd5 55. Ke3 Kc5 56. Kf4 h5 57. Kg5 Kxb5 58. Kxh5 Kc6 59.
Kxg4 Kd6 60. Kg5 Ke7 61. Kg6 Kf8 62. Kh7 Kf7 63. g4 Kf6 64. Kh6 Kf7 65. g5 Kg8
66. Kg6 Kh8 67. Kf7 Kh7 68. g6+ 1-0

[Event "Xtracon Chess Open 2016"]
[Site "Elsinore"]
[Date "2016.07.26"]
[Round "5.152"]
[White "Weber, Andreas"]
[Black "Kharraziha, Hamid"]
[Result "1-0"]
[WhiteElo "1808"]
[BlackElo "1427"]
[PlyCount "123"]
[EventDate "2016.07.23"]

1. e4 e5 2. Nf3 Nc6 3. Bc4 Nf6 4. d3 Be7 5. O-O O-O 6. c3 d5 7. exd5 Nxd5 8.
Re1 Nb6 9. Bb3 Bg4 10. h3 Bh5 11. Bc2 Qd5 12. Nbd2 Rad8 13. Ne4 Kh8 14. Re3 Nc4
15. Re1 Nb6 16. b4 f5 17. c4 Nxc4 18. Nc3 Bxf3 19. Nxd5 Bxd1 20. Nxe7 Bxc2 21.
Nxc6 bxc6 22. dxc4 e4 23. Be3 a6 24. g3 Rd3 25. Bf4 Rf7 26. Rac1 Ba4 27. Re3
Rfd7 28. Rxd3 exd3 29. Re1 Kg8 30. Bd2 Kf7 31. Re5 Re7 32. Rxe7+ Kxe7 33. Kg2
Ke6 34. Kf3 g6 35. Ke3 Bc2 36. Kf4 h6 37. h4 Bd1 38. Ke3 Be2 39. Kd4 h5 40. a4
Bd1 41. a5 Be2 42. b5 cxb5 43. cxb5 axb5 44. Kc5 Bf3 45. Kxb5 Kd7 46. Kc5 Be4
47. Kd4 Ke6 48. f3 Bxf3 49. Kxd3 Bb7 50. Kd4 Kd7 51. Ke5 Ke7 52. Bb4+ Kf7 53.
Bc5 Be4 54. a6 Ba8 55. Bb4 c6 56. Bc5 Kg7 57. Kd6 Kh6 58. Kd7 g5 59. Kc7 f4 60.
hxg5+ Kxg5 61. gxf4+ Kxf4 62. Kb8 1-0

[Event "Xtracon Chess Open 2016"]
[Site "Elsinore"]
[Date "2016.07.26"]
[Round "5.153"]
[White "Nielsen, Jan Mose"]
[Black "Joensen, Sigurd"]
[Result "1-0"]
[WhiteElo "2110"]
[BlackElo "1615"]
[PlyCount "71"]
[EventDate "2016.07.23"]

1. d4 d5 2. Nf3 Nc6 3. c3 Nf6 4. Bg5 e6 5. Nbd2 Be7 6. Bxf6 Bxf6 7. e4 O-O 8.
Bd3 a6 9. h4 e5 10. exd5 Qxd5 11. Ne4 Bd8 12. dxe5 Nxe5 13. Nf6+ Bxf6 14. Bxh7+
Kxh7 15. Ng5+ Kg8 16. Qxd5 c6 17. Qe4 g6 18. O-O Bf5 19. Qb4 b5 20. a4 a5 21.
Qc5 b4 22. cxb4 axb4 23. a5 Nd3 24. Qxc6 Bxb2 25. Ra4 Bc3 26. a6 Rac8 27. Qf3
Nc5 28. Ra5 Nb3 29. Rxf5 Nd4 30. Qb7 Rb8 31. Rxf7 Rxb7 32. Rxb7 Ra8 33. Rb6 Kg7
34. f4 b3 35. Rb7+ Kh6 36. Rh7# 1-0

[Event "Xtracon Chess Open 2016"]
[Site "Elsinore"]
[Date "2016.07.26"]
[Round "5.154"]
[White "Linderod, Lars Erik"]
[Black "van den Brink, Nienke"]
[Result "1-0"]
[WhiteElo "1935"]
[BlackElo "1612"]
[PlyCount "41"]
[EventDate "2016.07.23"]

1. e4 e6 2. d4 d5 3. Nd2 Nf6 4. e5 Nfd7 5. Ngf3 c5 6. c3 Nc6 7. Bd3 Qb6 8. O-O
cxd4 9. cxd4 Nxd4 10. Nxd4 Qxd4 11. Nf3 Qb6 12. Qa4 Bc5 13. Bd2 O-O 14. Bxh7+
Kxh7 15. Qh4+ Kg8 16. Ng5 Re8 17. Bf4 Bd4 18. Qh5 Nf8 19. Qxf7+ Kh8 20. Qxe8
Bd7 21. Qxa8 1-0

[Event "Xtracon Chess Open 2016"]
[Site "Elsinore"]
[Date "2016.07.26"]
[Round "5.155"]
[White "Bosselmann, Tom Linus"]
[Black "Mottang, Harald"]
[Result "1-0"]
[WhiteElo "1928"]
[BlackElo "1597"]
[PlyCount "71"]
[EventDate "2016.07.23"]

1. e4 c5 2. d4 cxd4 3. c3 dxc3 4. Nxc3 e6 5. Nf3 Bb4 6. Bc4 d5 7. exd5 Nf6 8.
Qa4+ Nc6 9. dxc6 Bxc3+ 10. bxc3 O-O 11. O-O bxc6 12. Qxc6 Bd7 13. Qd6 Qa5 14.
Qe5 Qa4 15. Bb3 Qc6 16. Rd1 a5 17. Rd6 Qb7 18. Bc2 Rfc8 19. Rb1 Qc7 20. Bf4
Qxc3 21. Qxc3 Rxc3 22. Rd2 Rac8 23. Rb8 Rxb8 24. Bxb8 Nd5 25. Be5 Rc8 26. h3 f6
27. Bg3 a4 28. Be4 Rc1+ 29. Kh2 Bc6 30. Nd4 Bd7 31. Bxd5 exd5 32. Ne2 Rc5 33.
Bd6 Ra5 34. Nc3 Bc6 35. Bb4 Ra8 36. Nxd5 1-0

[Event "Xtracon Chess Open 2016"]
[Site "Elsinore"]
[Date "2016.07.26"]
[Round "5.156"]
[White "Skjoldager, Flemming"]
[Black "Lindsjorn, Yngve"]
[Result "1/2-1/2"]
[WhiteElo "1926"]
[BlackElo "1582"]
[PlyCount "89"]
[EventDate "2016.07.23"]

1. Nf3 d5 2. b3 Bf5 3. Bb2 Nf6 4. e3 c6 5. c4 e6 6. Be2 Bd6 7. O-O O-O 8. d3
Nbd7 9. Nc3 Qc7 10. Rc1 Rfe8 11. cxd5 exd5 12. Nb5 Qb8 13. Nxd6 Qxd6 14. h3 h6
15. Re1 Rad8 16. Qc2 Bg6 17. Qc3 Rc8 18. b4 a6 19. Qd4 Re6 20. Nh4 Qe5 21. Nxg6
Qxd4 22. Bxd4 fxg6 23. Kf1 g5 24. Rc2 Ree8 25. Rec1 Ne5 26. a4 Re6 27. b5 axb5
28. axb5 Nfd7 29. f4 gxf4 30. exf4 Nf7 31. Bg4 Rd6 32. Be5 Nfxe5 33. fxe5 Rf8+
34. Ke2 Nxe5 35. bxc6 Rxc6 36. Rxc6 bxc6 37. Be6+ Kh7 38. d4 Rf6 39. Bc8 Nc4
40. Bd7 Rd6 41. Bf5+ g6 42. Bd3 Nb2 43. Rb1 Nxd3 44. Rb7+ Kg8 45. Kxd3 1/2-1/2

[Event "Xtracon Chess Open 2016"]
[Site "Elsinore"]
[Date "2016.07.26"]
[Round "5.157"]
[White "Horslund, Mikael"]
[Black "Janse, Sebastiaan"]
[Result "0-1"]
[WhiteElo "1604"]
[BlackElo "1903"]
[PlyCount "70"]
[EventDate "2016.07.23"]

1. d4 Nf6 2. c4 e6 3. Nc3 Bb4 4. Qc2 d5 5. e3 O-O 6. a3 Bxc3+ 7. Qxc3 Nbd7 8.
Nf3 Re8 9. Bd3 b6 10. O-O Bb7 11. cxd5 exd5 12. Nd2 c5 13. b3 Rc8 14. Qb2 Qe7
15. Qb1 h6 16. a4 Nf8 17. Ba3 Ne6 18. Bb5 Bc6 19. Ba6 Bb7 20. Bb5 Red8 21. Qf5
g6 22. Qb1 Ng5 23. dxc5 bxc5 24. Rc1 Nfe4 25. Nxe4 Nxe4 26. Qb2 Qg5 27. Bf1 d4
28. exd4 Nd2 29. f4 Qxf4 30. Bxc5 Qe3+ 31. Kh1 Ne4 32. Rc2 Nxc5 33. dxc5 Rxc5
34. Rxc5 Qxc5 35. Rc1 Qg5 0-1

[Event "Xtracon Chess Open 2016"]
[Site "Elsinore"]
[Date "2016.07.26"]
[Round "5.158"]
[White "Langvik, Ulrikke"]
[Black "Andersen, Daniel"]
[Result "0-1"]
[WhiteElo "1583"]
[BlackElo "1875"]
[PlyCount "120"]
[EventDate "2016.07.23"]

1. d4 Nf6 2. c4 g6 3. f3 Bg7 4. e4 d6 5. Nc3 O-O 6. Be3 c6 7. Qd2 a6 8. Nge2 b5
9. Nf4 e5 10. dxe5 dxe5 11. Nd3 Qc7 12. cxb5 axb5 13. Be2 Rd8 14. Rc1 Qe7 15.
a3 Nbd7 16. O-O Nf8 17. Na2 Bb7 18. Nab4 Rac8 19. Bc5 Qe6 20. Rc3 N6d7 21. Qe3
Qe8 22. Rfc1 Ne6 23. Ba7 Nd4 24. Qf2 Bh6 25. Rd1 Bf8 26. Bc5 Nxc5 27. Nxc5 Bxc5
28. Rxc5 Qe7 29. Rcc1 c5 30. Nd3 Qd6 31. h3 Rc7 32. Ne1 Rcd7 33. Bxb5 Bc6 34.
Bxc6 Qxc6 35. Nc2 Qb6 36. Nxd4 exd4 37. Rd3 Qb5 38. Qc2 Rc8 39. Rd2 c4 40. Rcd1
Qc5 41. Kh1 Rcd8 42. Rc1 Rc7 43. Qa4 d3 44. Qd1 Qd4 45. Rc3 Rb8 46. Qc1 Rbc8
47. Qg1 Qe5 48. Qc1 Qa5 49. Rd1 Kg7 50. Qe3 Qe5 51. Rdc1 h5 52. f4 Qd6 53. e5
Qd5 54. b3 d2 55. Rd1 cxb3 56. Rxc7 Rxc7 57. Qxd2 Qxd2 58. Rxd2 Rc2 59. Rd7 b2
60. e6 b1=Q+ 0-1